=LDR 00000nam 2200000 4500 =001 INLIS000000000810596 =005 20260618012452 =035 ##$$a 0010-0626000033 =007 ta =008 260618################g##########0#ara## =082 ##$$a 297.124 =084 ##$$a 297.124 ABU s =100 #$$a Abu Ja'far ath-Thahawi =245 1#$$a Syarh Ma'ani al-Atsar =250 ##$$a Cet. 1 =260 ##$$a Kairo :$b Syirkah al-Quds,$c 2012 =300 ##$$a 665 hlm. : $b ilustrasi ; $c 24 cm =600 #4$$a Hadis dan ilmu hadis